US Intelligence Agencies - Statistics

General Stats
  • This quiz has been taken 794 times
    784 since last reset
  • The average score is 6 of 18
Answer Stats
18 Agencies % Correct
Central Intelligence Agency
100%
Federal Bureau of Investigation
97%
National Security Agency
67%
Office of Naval Intelligence (Navy)
38%
Office of Intelligence and Analysis (Homeland Security)
36%
Office of National Security Intelligence (Drug Enforcement Agency)
35%
Military Intelligence Corps (Army)
34%
Marine Corps Intelligence
31%
Defense Intelligence Agency
27%
Coast Guard Intelligence
24%
National Space Intelligence Center (Space Force)
23%
Bureau of Intelligence and Research (State Department)
19%
Office of Intelligence and Analysis (Treasury Department)
17%
Office of Intelligence and Counterintelligence (Energy Department)
15%
National Geospatial-Intelligence Agency
13%
National Reconnaissance Agency
7%
Office of the Director of Intelligence
4%
Sixteenth Air Force
2%
No matching quizzes found
Score Distribution
Percent of People with Each Score
Percentile by Number Answered
Your Score History
You have not taken this quiz since the last reset